000 00821nam a2200253Ia 4500
001 18225
003 GE_BSU
008 181216s||||||||xx |||||||||||||| ||und||
020 _a9785519018371
040 _cGE_BSU
080 _a004
100 _aПавлов, Николай Владимирович
245 _aEXCEL:Сборник готовых решений
245 _bБери и пользуйся
260 _aМосква
260 _bПечать цифровая
260 _c2014
300 _a382стр,илл,28см
541 _h55Л.
653 _aEXCEL:Сборник готовых решений
653 _aკომპიუტერული ტექნოლოგია.
653 _aსაინფორმაციო ტექნოლოგიები
942 _cBK
999 _c51263
_d51263